| 000 | 00593nam a22001937a 4500 | ||
|---|---|---|---|
| 005 | 20240405161051.0 | ||
| 010 | _aENG-140005 | ||
| 020 |
_a9788194181910 _c250.00 |
||
| 035 | _aEN-123537 | ||
| 037 | _bDBAD/PUB | ||
| 082 | _a881 | ||
| 245 |
_aCarry Your Little Flute _cedited by Meena Chakravorty [and] Marcus Bussey |
||
| 260 |
_aKolkata _bWriters Workshop _c2019 |
||
| 270 |
_aC-532,Lake Garden _bKolkata _e700045 |
||
| 300 |
_a70p. _c22(Hb) |
||
| 710 |
_aChakravorty,Meera[Editor] _964138 |
||
| 710 |
_aBussey,Marcus[Editor] _964139 |
||
| 942 |
_cEN _h881 _2ddc _mCAR |
||
| 999 |
_c201868 _d201868 |
||